Historia, Antropología y Fuentes Orales : segunda época : 2000, número 23 : El fin de los escribas /
Guardado en:
| Andre forfattere: | |
|---|---|
| Format: | Bog |
| Sprog: | spansk |
| Udgivet: |
Barcelona, España :
Universidad de Barcelona, Departamento de Historia Contemporánea : Archivo Histórico de la Ciudad de Barcelona,
2000, c2000
|
| Serier: | (Historia, Antropología y Fuentes Orales ;
23) |
| Fag: | |
| Tags: |
Ingen Tags, Vær først til at tagge denne postø!
|
MARC
| LEADER | 00000nam^a2200000^a^4500 | ||
|---|---|---|---|
| 001 | 000630410 | ||
| 005 | 20260417000000.0 | ||
| 009 | 20260526154551.813 | ||
| 022 | |a 1136-1700 | ||
| 037 | |a Acervo ITESO - Biblioteca | ||
| 041 | |a ESP | ||
| 082 | |a 905. |b HAFO V. 23 | ||
| 240 | 1 | 1 | |a [Historia, Antropología y Fuentes Orales] |
| 245 | 0 | 0 | |a Historia, Antropología y Fuentes Orales : |b segunda época : 2000, número 23 : El fin de los escribas / |c Dir. de M. Vilanova. |
| 264 | 4 | |a Barcelona, España : |b Universidad de Barcelona, Departamento de Historia Contemporánea : |b Archivo Histórico de la Ciudad de Barcelona, |c 2000, c2000 | |
| 300 | |a 193 p. | ||
| 336 | |a texto |b txt |2 rdacontenido | ||
| 337 | |a sin mediación |b n |2 rdamedio | ||
| 338 | |a volumen |b nc |2 rdasoporte | ||
| 440 | 1 | |a (Historia, Antropología y Fuentes Orales ; |v 23) | |
| 567 | |a Catalogación rápida | ||
| 649 | |a XX | ||
| 650 | |a Antropología - |x Publicaciones Periódicas - |x Tema Principal | ||
| 650 | |a Historia Oral - |x Publicaciones Periódicas - |x Tema Principal | ||
| 650 | |a Historia - |x Publicaciones Periódicas - |x Tema Principal | ||
| 650 | |a Publicaciones Periódicas Españolas | ||
| 650 | |a Publicaciones Periódicas | ||
| 700 | |a Vilanova, Mercedes |e (dirección) | ||
| 910 | |a Fondo Castillo-Martínez | ||
| 920 | |a Impresos - Libros | ||
| 930 | |a Fondos Especiales | ||
| 905 | |a 127 | ||
| 901 | |a 630672-10 |b IT2 |c ESP |i D124199 |u 20260417 | ||
| 902 | |a https://opac.biblio.iteso.mx/vufind/Record/000630410 | ||